|
|
|
|
| LEADER |
01840cas a2200277 a 4500 |
| 001 |
AALejournalIMF002049 |
| 008 |
230101c9999 xx r poo 0 0eng d |
| 020 |
|
|
|c 5.00 USD
|
| 020 |
|
|
|z 9781451856552
|
| 022 |
|
|
|a 1018-5941
|
| 040 |
|
|
|a BD-DhAAL
|c BD-DhAAL
|
| 100 |
1 |
|
|a Sloek, Torsten.
|
| 245 |
1 |
0 |
|a International Financial Integration and Economic Growth /
|c Torsten Sloek, Hali Edison, Luca Ricci, Ross Levine.
|
| 264 |
|
1 |
|a Washington, D.C. :
|b International Monetary Fund,
|c 2002.
|
| 300 |
|
|
|a 1 online resource (30 pages)
|
| 490 |
1 |
|
|a IMF Working Papers
|
| 500 |
|
|
|a <strong>Off-Campus Access:</strong> No User ID or Password Required
|
| 500 |
|
|
|a <strong>On-Campus Access:</strong> No User ID or Password Required
|
| 506 |
|
|
|a Electronic access restricted to authorized BRAC University faculty, staff and students
|
| 520 |
3 |
|
|a This paper uses new data and new econometric techniques to investigate the impact of international financial integration on economic growth and also to assess whether this relationship depends on the level of economic development, financial development, legal system development, government corruption, and macroeconomic policies. Using a wide array of measures of international financial integration on 57 countries and an assortment of statistical methodologies, we are unable to reject the hypothesis that international financial integration does not accelerate economic growth even when controlling for particular economic, financial, institutional, and policy characteristics.
|
| 538 |
|
|
|a Mode of access: Internet
|
| 700 |
1 |
|
|a Edison, Hali.
|
| 700 |
1 |
|
|a Levine, Ross.
|
| 700 |
1 |
|
|a Ricci, Luca.
|
| 830 |
|
0 |
|a IMF Working Papers; Working Paper ;
|v No. 2002/145
|
| 856 |
4 |
0 |
|z Full text available on IMF
|u http://elibrary.imf.org/view/journals/001/2002/145/001.2002.issue-145-en.xml
|z IMF e-Library
|